000 00481nam a2200193Ia 4500
008 240510s9999 xx 000 0 und d
020 _a0000134806743
041 _aEng
082 _a006.6
082 _bN31
100 _aNIBLACK, , W.
245 3 _aAn introduction to digital image processing
260 _bEnglewood cliff, N.J.: Prentice Hall
260 _c1986
300 _a215 p.
650 _aImage processing : digital techniques
942 _2ddc
942 _cLBK
999 _c24753
_d24753
945 _a1
_bMadushi Gamage
_c1
_dMadushi Gamage